000 00356nam a2200109Ia 4500
008 220204s9999 xx 000 0 und d
082 _a536.5
_bHER.3
245 0 _aTemperature: Its measurement and control in science and industry. V 3. Pt3. Biology and medicine
260 _aHuntington
_bRobert E Krieger
_c1972
700 _aHerzfeld, Charles M
942 _cBK
999 _c28376
_d28376